000 00420nam a2200181Ia 4500
001 8315
005 20260306160600.0
008 260306t2013||||xx |||||||||||||| ||spa||
041 _aESP
082 _a370.154
_bB77
100 _aBou Pérez, Juan Fernando
_eAUT
245 0 _aCoaching educativo
260 _c2013
300 _a197 páginas :
_c22 cm.
650 _aGEN
654 _aCED
942 _cLIB
_dJUS
_fJUS
_2ddc
_n
999 _c8315
_d8315